ბათუმის შოთა რუსთაველის სახელმწიფო უნივერსიტეტის ბიბლიოთეკა

Агрохимия : (ბიბ.ჩანაწერი № 12043)

000 -LEADER
fixed length control field 00532nam a22001817a 4500
005 - DATE AND TIME OF LATEST TRANSACTION
control field 20190420191450.0
008 - FIXED-LENGTH DATA ELEMENTS--GENERAL INFORMATION
fixed length control field 181215c2018 ru ||||| |||| 00| 0 rus d
022 ## - INTERNATIONAL STANDARD SERIAL NUMBER
International Standard Serial Number 0002-1881
040 ## - CATALOGING SOURCE
Transcribing agency
041 ## - LANGUAGE CODE
Language code of text/sound track or separate title rus
245 ## - TITLE STATEMENT
Title Агрохимия :
Remainder of title 2018 #7 июль /.
Statement of responsibility, etc. ред. В.Н. Кудеяров.
260 ## - PUBLICATION, DISTRIBUTION, ETC.
Place of publication, distribution, etc. Москва :
300 ## - PHYSICAL DESCRIPTION
Extent v.
653 ## - INDEX TERM--UNCONTROLLED
Uncontrolled term აგრონომია
653 ## - INDEX TERM--UNCONTROLLED
Uncontrolled term პერიოდიკა
700 ## - ADDED ENTRY--PERSONAL NAME
Personal name Кудеяров, В.Н.
Relator term რედაქტორი
9 (RLIN) 27
942 ## - ADDED ENTRY ELEMENTS (KOHA)
Source of classification or shelving scheme
Koha item type პერიოდიკა
ეგზემპლარები
Withdrawn status Lost status Source of classification or shelving scheme Damaged status Not for loan Permanent Location Current Location Date acquired Barcode Date last seen Copy number Price effective from Koha item type
          აგრარული და მემბრანული ტექნოლოგიების ინსტიტუტის ბიბლიოთეკა აგრარული და მემბრანული ტექნოლოგიების ინსტიტუტის ბიბლიოთეკა 2019-04-10 78938 2019-04-10 78938 2019-04-10 პერიოდიკა